Managing sustainable tourism: A legacy for the future (Record no. 19609)
[ view plain ]
| 000 -LEADER | |
|---|---|
| fixed length control field | 00497nam a2200181Ia 4500 |
| 008 - FIXED-LENGTH DATA ELEMENTS--GENERAL INFORMATION | |
| fixed length control field | 230917s9999||||xx |||||||||||||| ||und|| |
| 020 ## - ISBN | |
| Price | GBP35.99 |
| 040 ## - CATALOGING SOURCE | |
| -- | 235471 |
| Original cataloging agency | VIVEKANANDA LIBRARY |
| 041 ## - Language | |
| -- | English |
| 082 ## - DDC NUMBER | |
| Classification number | 338.4791 E35M(2) |
| 100 ## - MAIN ENTRY--PERSONAL NAME | |
| Personal name | Edgell, David L |
| 245 #0 - TITLE STATEMENT | |
| Title | Managing sustainable tourism: A legacy for the future |
| 250 ## - EDITION STATEMENT | |
| Edition statement | 2nd ed. |
| 260 ## - PUBLICATION, DISTRIBUTION, ETC. (IMPRINT) | |
| Place of publication, distribution, etc | London |
| Name of publisher, distributor, etc | Routledge |
| Date of publication, distribution, etc | 2016 |
| 300 ## - PHYSICAL DESCRIPTION | |
| Pages | xii, 251 p. |
| 500 ## - GENERAL NOTE | |
| General note | 2437 21/10/2016 HBD16/739 21/10/2016 Main Budget |
| 942 ## - ADDED ENTRY ELEMENTS (KOHA) | |
| Koha item type | Books |
| Withdrawn status | Lost status | Damaged status | Not for loan | Location (home branch) | Sublocation or collection (holding branch) | Shelving location | Date acquired | Koha issues (times borrowed) | Koha full call number | Accession No. | Koha date last seen | Koha item type |
|---|---|---|---|---|---|---|---|---|---|---|---|---|
| VIVEKANANDA LIBRARY | VIVEKANANDA LIBRARY | IHTM Library | 01/12/2016 | 338.4791 E35M(2) | 354102 | 17/09/2023 | Books |
